Ligne C1 de bus de Rennes - Statistiques

Statistiques générales
  • Ce quiz a été pris 33 fois
  • Le résultat moyen est 13 sur 43
Statistiques - réponses
Correspondances Arrêt % Correct
Métro a, C2, C3, C4,C5, C6, 11 République
100%
Métro a, Métro b, C2,11, 12 Gares
84%
Métro a Anatole France
64%
13, 34 Chantepie Mairie
56%
C2, 11 Croix Saint-Hélier
56%
34 Rosa Parks (Chantepie)
56%
Vers le Nord12 TNB
56%
C2, 11 Laënnec
52%
Vers le Sud Liberté
48%
C4, 11 Place de Bretagne
44%
C2, 11 Carsat
40%
La Touche
40%
10 Brest Verdun
36%
12 Cimetière Nord
36%
12, 14 Trois Croix
36%
Horizons
32%
Landry
32%
Les Lices
32%
13 Loges
32%
12, 14 Donelière
28%
12, 14 La Plesse
28%
12 Saint-Martin
28%
Chantepie Eglise
24%
32 Forge
24%
32 Villebois-Mareuil
24%
12, 14 Lycée Mendès France
20%
Pierre Legrand
20%
Raison
20%
Champ Daguet (Saint-Grégoire)
16%
CHP Saint-Grégoire
16%
Domaine
16%
Seulement vers le Nord Mouézy
16%
Uttenreuth
16%
Camus
12%
Sauvaie
12%
Deux Ruisseaux
8%
Discalceat
8%
Gériatrie
8%
Nobel
8%
Ricoquais
8%
Touche Annette
8%
Haut Trait
0%
Vivier Louis
0%
Aucun quiz correspondant
Distribution des résultats
% des personnes avec chaque résultat
Percentile par nombre de réponses
Votre historique - résultats
Vous n’avez pas pris ce quiz